Communications and Multimedia Security : 8th IFIP TC-6 TC-11 Conference on Communications and Multimedia Security, Sept. 15-18, 2004, Windermere, The Lake District, United Kingdom /

Gardado en:
Detalles Bibliográficos
Autor Principal: David Chadwick, Bart Preneel (edición)
Formato: Libro
Idioma:inglés
Publicado: Nueva York, EUA : Springer, 2005, c2005
Series:(IFIP Advances in Information and Communication Technology)
Acceso en liña:Ver documento en línea
Etiquetas: Engadir etiqueta
Sen Etiquetas, Sexa o primeiro en etiquetar este rexistro!

MARC

LEADER 00000nam^a22000000a04500
001 000598054
009 20260416195139.384
020 |a 978-0-387-24486-0 
022 |a 1868-422X 
037 |a Acervo ITESO - Biblioteca 
041 |a ING 
082 |a Libro en línea 
100 |a David Chadwick, Bart Preneel  |e (edición) 
245 |a Communications and Multimedia Security :  |b 8th IFIP TC-6 TC-11 Conference on Communications and Multimedia Security, Sept. 15-18, 2004, Windermere, The Lake District, United Kingdom / 
264 4 |a Nueva York, EUA :  |b Springer,  |c 2005, c2005 
264 2 |a Cham, Suiza :  |b Springer Link [distribución],  |c 2025 
300 |a 1 libro electrónico en línea (XII, 287 p.) 
300 |a 1 recurso en línea 
336 |a datos para computadora  |b cod  |2 rdacontenido 
337 |a computadora  |b c  |2 rdamedio 
338 |a recurso en línea  |b cr  |2 rdasoporte 
440 |a (IFIP Advances in Information and Communication Technology) 
506 0 |a Licencias ilimitadas 
567 |a Catalogación rápida 
649 |a XX 
856 4 0 |u https://link-springer-com.ezproxy.iteso.mx/10.1007/b105674  |y Ver documento en línea 
910 |a Fondo General 
920 |a Electrónicos - Libros en Línea 
930 |a Plataforma Digital 
905 |a 205 
902 |a https://opac.biblio.iteso.mx/vufind/Record/000598054